| 000 | 01058nam a2200241 a 4500 | ||
|---|---|---|---|
| 001 | 18616503 | ||
| 008 | 170321s2016 ||||||||||||||||| || u | ||
| 010 | _a2015019229 | ||
| 020 | _a9780323299947 | ||
| 050 | _aRC 901.7 Kal | ||
| 100 | _aKallenbach, Judith Z | ||
| 245 | 1 | 0 |
_aReview of hemodialysis for nurses and dialysis personnel. (9th ed.) _cJudith Z. Kallenbach, MSN, RN, CNN, Clinical Quality Administrator, DaVita Village Health, Akron, Ohio. _h[unmediated] |
| 246 | _aHemodialysis for nurses and dialysis personnel | ||
| 250 | _aNinth edition. | ||
| 260 |
_aSt. Louis Missouri: _bElsevier _c2016 |
||
| 300 | _ax, 419 pages : illustrations | ||
| 350 | _a76.95 | ||
| 500 | _aIncludes bibliographical references and index. | ||
| 650 | 3 | _aACUTE KIDNEY INJURY-NURSING | |
| 650 | 3 | _aRENAL DIALYSIS-NURSING | |
| 650 | 3 | _aRENAL INSUFFICIENCY,CHRONIC-NURSING | |
| 995 |
_aMEDICAL LIBRARY OPEN ACCESS _e903703 _FCBU-SCHOOL OF MEDICINE LIBRARY (Ndola) _I76.95 _jRC 901.7 Kal _M1 _UAVAILABLE _WMar 21, 2017 _y903703 _ZMedical Library Open Access Collection |
||
| 999 |
_c32617 _d32617 |
||